00807nam a2200229 a 450000100060000000300080000600500170001400800410003102000210007203500190009304000250011204100130013708200310015010000420018124500760022326000460029930000510034550001020039650400430049865000140054170000220055524878BD-RjUL20211209001117.0140315s1972 enkbj b 001 0 eng d a0198730160 (pbk) a(BD-RjUL)24947 aLCbengcLCdBD-RjUL1 aenghger04222a909.09633401bMAC 19721 aMayer, H. E.q(Hans Eberhard),d1932-14aThe Crusades /cby Hans Eberhard Mayer ; translated by John Gillingham. aOxford University Press :bLondon,c1972. axii, 339 p. :bgeneal. table, 3 maps ;c22 cm. aTranslation of the original German ed. published in 1965 under title: Geschichte der Kreuzzüge. aBibliography: p. [287]-289. and index. 0aCrusades.1 aGillingham, John.